<?xml version="1.0" encoding="UTF-8"?>
<record
    xmlns:xsi="http://www.w3.org/2001/XMLSchema-instance"
    xsi:schemaLocation="http://www.loc.gov/MARC21/slim http://www.loc.gov/standards/marcxml/schema/MARC21slim.xsd"
    xmlns="http://www.loc.gov/MARC21/slim">

  <leader>02201nam a22002777a 4500</leader>
  <controlfield tag="008">130203s2013    uk     | |||| 001 0 eng d</controlfield>
  <datafield tag="020" ind1=" " ind2=" ">
    <subfield code="a">1848854803</subfield>
  </datafield>
  <datafield tag="020" ind1=" " ind2=" ">
    <subfield code="a">9781848854802</subfield>
  </datafield>
  <datafield tag="082" ind1=" " ind2=" ">
    <subfield code="2">22</subfield>
    <subfield code="a">320.557</subfield>
    <subfield code="b">ISL</subfield>
  </datafield>
  <datafield tag="245" ind1=" " ind2=" ">
    <subfield code="a">Islamist Radicalisation in Europe and the Middle East :</subfield>
    <subfield code="b">Reassessing the Causes of Terrorism /</subfield>
    <subfield code="c">edited by George Joffe.</subfield>
  </datafield>
  <datafield tag="260" ind1=" " ind2=" ">
    <subfield code="a">London :</subfield>
    <subfield code="a">New York :</subfield>
    <subfield code="b">I.B. Tauris, </subfield>
    <subfield code="c">2013.</subfield>
  </datafield>
  <datafield tag="300" ind1=" " ind2=" ">
    <subfield code="a">xi, 354 p. ;</subfield>
    <subfield code="c">23 cm.</subfield>
  </datafield>
  <datafield tag="504" ind1=" " ind2=" ">
    <subfield code="a">Includes bibliographical references and index.</subfield>
  </datafield>
  <datafield tag="505" ind1=" " ind2=" ">
    <subfield code="a">Introduction: Radicalisation and the Arab Spring / George Joffe -- A biographical approach to radicalisation : Ziauddin Sardar&#x2019;s Desperately seeking paradise and Ed Husain&#x2019;s The Islamist / Hugh Goddard -- Being Muslim, being British : a multimedia educational resource for young Muslims / Jose Liht, Sara Savage and Ryan J. Williams -- Thinking centrifugal : fecundity and hazard on the net / Johnny Ryan -- Reluctant radicals : hearts and minds between securitisation and radicalisation / Roxane Farmanfarmaian -- Egypt : mainstreaming radicalism / Ezzedine Choukri Fishere -- Between pragmatism and radicalism : the Syrian Muslim Brotherhood and the Ba&#x2019;ath regime / Raphael Lefevre -- Tripoli in Lebanon : an Islamist fortress or a source of terror? / Nasser Kalawoun -- Israel&#x2019;s insurgent citizens : contesting the state, demanding the land / Clive Jones -- Sowing dragons&#x2019; teeth : radicalisation in the Iraqi theatre of pperations / James Spencer -- Ethnic radicalisation : Kurdish identity as extremism in the hegemonic discourses of Turkey / Ayla Gol -- What is radicalism? Power and resistance in Iran / Arshin Adib-Moghaddarn -- Political Islam in the Gulf Region / Abdullah Baabood.</subfield>
  </datafield>
  <datafield tag="650" ind1=" " ind2=" ">
    <subfield code="a">Islam</subfield>
    <subfield code="z">Europe.</subfield>
    <subfield code="9">32335</subfield>
  </datafield>
  <datafield tag="650" ind1=" " ind2=" ">
    <subfield code="a">Islam</subfield>
    <subfield code="z">Middle East.</subfield>
    <subfield code="9">21407</subfield>
  </datafield>
  <datafield tag="650" ind1=" " ind2=" ">
    <subfield code="a">Islam and politics</subfield>
    <subfield code="z">Europe.</subfield>
    <subfield code="9">32336</subfield>
  </datafield>
  <datafield tag="650" ind1=" " ind2=" ">
    <subfield code="a">Islamic fundamentalism</subfield>
    <subfield code="z">Europe.</subfield>
    <subfield code="9">12715</subfield>
  </datafield>
  <datafield tag="650" ind1=" " ind2=" ">
    <subfield code="a">Islamic fundamentalism</subfield>
    <subfield code="z">Middle East.</subfield>
    <subfield code="9">11982</subfield>
  </datafield>
  <datafield tag="650" ind1=" " ind2=" ">
    <subfield code="a">Radicalism</subfield>
    <subfield code="z">Europe.</subfield>
    <subfield code="9">32337</subfield>
  </datafield>
  <datafield tag="650" ind1=" " ind2=" ">
    <subfield code="a">Radicalism</subfield>
    <subfield code="z">Middle East.</subfield>
    <subfield code="9">32338</subfield>
  </datafield>
  <datafield tag="653" ind1=" " ind2=" ">
    <subfield code="b">Pol</subfield>
    <subfield code="c">February2013</subfield>
  </datafield>
  <datafield tag="650" ind1=" " ind2=" ">
    <subfield code="9">11983</subfield>
    <subfield code="a">Islam and politics</subfield>
    <subfield code="z">Middle East</subfield>
  </datafield>
  <datafield tag="700" ind1=" " ind2=" ">
    <subfield code="a">Joffe, E. G. H.</subfield>
    <subfield code="9">32339</subfield>
  </datafield>
  <datafield tag="942" ind1=" " ind2=" ">
    <subfield code="2">ddc</subfield>
    <subfield code="c">BB</subfield>
  </datafield>
  <datafield tag="999" ind1=" " ind2=" ">
    <subfield code="c">17210</subfield>
    <subfield code="d">17182</subfield>
  </datafield>
  <datafield tag="952" ind1=" " ind2=" ">
    <subfield code="0">0</subfield>
    <subfield code="1">0</subfield>
    <subfield code="2">ddc</subfield>
    <subfield code="4">0</subfield>
    <subfield code="7">0</subfield>
    <subfield code="8">MERIC</subfield>
    <subfield code="a">MAIN</subfield>
    <subfield code="b">MAIN</subfield>
    <subfield code="c">1ST</subfield>
    <subfield code="d">2013-02-03</subfield>
    <subfield code="e">purchase</subfield>
    <subfield code="g">547.00</subfield>
    <subfield code="h">000263</subfield>
    <subfield code="l">12</subfield>
    <subfield code="m">72</subfield>
    <subfield code="o">320.557 ISL</subfield>
    <subfield code="p">000027975</subfield>
    <subfield code="r">2025-07-15 00:00:00</subfield>
    <subfield code="s">2019-10-01</subfield>
    <subfield code="y">BB</subfield>
  </datafield>
</record>
